Medieval thought ; St. Augustine to Ockham. (Record no. 142393)
[ view plain ]
| 000 -LEADER | |
|---|---|
| fixed length control field | 00627cam4a220021700 4500 |
| 001 - CONTROL NUMBER | |
| control field | qce01700244 |
| 005 - DATE AND TIME OF LATEST TRANSACTION | |
| control field | 20190823090413.0 |
| 008 - FIXED-LENGTH DATA ELEMENTS--GENERAL INFORMATION | |
| fixed length control field | 740426c19591958ilu 000 0 eng u |
| 035 ## - SYSTEM CONTROL NUMBER | |
| System control number | (Sirsi) r98825 |
| 035 ## - SYSTEM CONTROL NUMBER | |
| System control number | (QCAT)lss00566576 |
| 035 ## - SYSTEM CONTROL NUMBER | |
| System control number | (UPRA)qce01700244 |
| 040 ## - CATALOGING SOURCE | |
| Modifying agency | UPRA |
| 082 ## - DEWEY DECIMAL CLASSIFICATION NUMBER | |
| Classification number | 189 |
| 100 1# - MAIN ENTRY--PERSONAL NAME | |
| Personal name | Leff, Gordon. |
| Linkage | A57472.1 |
| 245 10 - TITLE STATEMENT | |
| Title | Medieval thought ; St. Augustine to Ockham. |
| 260 ## - PUBLICATION, DISTRIBUTION, ETC. | |
| Place of publication, distribution, etc. | Chicago : |
| Name of publisher, distributor, etc. | Quadrangle Books, |
| Date of publication, distribution, etc. | [1959, c1958] |
| 500 ## - GENERAL NOTE | |
| General note | First published in 1958. |
| 650 10 - SUBJECT ADDED ENTRY--TOPICAL TERM | |
| Topical term or geographic name entry element | Philosophy, Medieval. |
| Linkage | S24139.1 |
| 949 ## - LOCAL PROCESSING INFORMATION (OCLC) | |
| a | B721 |
| w | lcc |
| i | -140853 |
| m | MAIN |
| t | BOOK |
| l | ON-SHELF |
No items available.